[Event "CYCC U12"]
[Site "Vancouver CAN"]
[Date "2012.07.04"]
[Round "4"]
[White "Yu, Robin"]
[Black "Zhou, You"]
[Result "1-0"]
[WhiteElo "1293"]
[BlackElo "935"]
[PlyCount "105"]
[GameId "2160767909508741"]
[EventDate "2012.07.03"]
[EventType "swiss"]
[EventRounds "7"]
[EventCountry "CAN"]
[SourceTitle "EXT 2022"]
[Source "ChessBase"]
[SourceDate "2021.10.06"]
[SourceVersion "1"]
[SourceVersionDate "2021.10.06"]
[SourceQuality "1"]

1. d4 d5 2. c4 e5 3. dxe5 d4 4. Nf3 Nc6 5. a3 Bg4 6. Bf4 Qd7 7. Nbd2 O-O-O 8. g3 Nge7 9. Bg2 Ng6 10. Bg5 Be7 11. Bxe7 Qxe7 12. O-O Ngxe5 13. Re1 Qe6 14. Qa4 Bh3 15. Ng5 Qd7 16. Bxh3 f5 17. Nde4 Kb8 18. Nc5 Qe7 19. Nge6 Rd7 20. Bxf5 Rd6 21. Qb5 Nd8 22. Nxd8 Rb6 23. Qa5 Rxd8 24. Nd3 Nxc4 25. Qa4 g6 26. Bxg6 Nxb2 27. Nxb2 Rxb2 28. Bd3 a6 29. Rab1 Rxb1 30. Rxb1 Ka7 31. Qb4 Qxb4 32. Rxb4 c5 33. Rc4 Rc8 34. Bxh7 b5 35. Bf5 Rc7 36. Rc1 Kb6 37. h4 a5 38. h5 b4 39. axb4 axb4 40. h6 b3 41. h7 b2 42. Rb1 Rc8 43. Bxc8 Kc7 44. Rxb2 d3 45. exd3 c4 46. h8=Q c3 47. Qxc3+ Kd8 48. Qe5 Kxc8 49. Rb8+ Kd7 50. Rb7+ Kc6 51. Rc7+ Kb6 52. Qc5+ Ka6 53. Ra7# 1-0

[Event "CYCC U12"]
[Site "Vancouver CAN"]
[Date "2012.07.04"]
[Round "5"]
[White "Chen, Daniel1"]
[Black "Cheung, Lukas"]
[Result "0-1"]
[WhiteElo "1055"]
[BlackElo "1429"]
[PlyCount "64"]
[GameId "2160767909508742"]
[EventDate "2012.07.03"]
[EventType "swiss"]
[EventRounds "7"]
[EventCountry "CAN"]
[SourceTitle "EXT 2022"]
[Source "ChessBase"]
[SourceDate "2021.10.06"]
[SourceVersion "1"]
[SourceVersionDate "2021.10.06"]
[SourceQuality "1"]

1. e4 e5 2. Nf3 Nc6 3. Bc4 Bc5 4. c3 Nf6 5. d3 d6 6. h3 h6 7. Nbd2 O-O 8. O-O Re8 9. Re1 Be6 10. Bb3 d5 11. exd5 Bxd5 12. Bxd5 Qxd5 13. Nc4 e4 14. Nh2 exd3 15. Ne3 Qd6 16. Nf3 Rad8 17. Nf1 Ne4 18. Be3 Ne5 19. Bxc5 Nxc5 20. Nd4 Nc6 21. Nf5 Qf4 22. Rxe8+ Rxe8 23. N5g3 Ne5 24. Ne3 Rd8 25. Qd2 f5 26. b3 Qg5 27. h4 Qxh4 28. Nexf5 Qg4 29. Rd1 Ne4 30. Nxe4 Nf3+ 31. Kf1 Nxd2+ 32. Rxd2 Qxe4 0-1

[Event "CYCC U12"]
[Site "Vancouver CAN"]
[Date "2012.07.04"]
[Round "5"]
[White "Chen, Richard"]
[Black "Gedajlovic, Max"]
[Result "1-0"]
[WhiteElo "1880"]
[BlackElo "1695"]
[PlyCount "89"]
[GameId "2160767909508743"]
[EventDate "2012.07.03"]
[EventType "swiss"]
[EventRounds "7"]
[EventCountry "CAN"]
[SourceTitle "EXT 2022"]
[Source "ChessBase"]
[SourceDate "2021.10.06"]
[SourceVersion "1"]
[SourceVersionDate "2021.10.06"]
[SourceQuality "1"]

1. e4 c5 2. Nf3 d6 3. d3 Nc6 4. g3 g6 5. Bg2 Bg7 6. O-O Nf6 7. a4 O-O 8. Nbd2 e6 9. Re1 Re8 10. Nf1 d5 11. e5 Nd7 12. Bf4 Qb6 13. Qd2 Qb4 14. c3 Qb6 15. h4 Na5 16. Ra3 Bf8 17. Bh6 c4 18. Bxf8 Nxf8 19. d4 Nb3 20. Qh6 Qd8 21. N1h2 f5 22. exf6 Qxf6 23. Ng4 Qg7 24. Qf4 Nd7 25. Ng5 Qf8 26. Qxf8+ Kxf8 27. Nxe6+ Rxe6 28. Rxe6 Nb6 29. Rf6+ Kg7 30. Rf4 Nc1 31. a5 Ne2+ 32. Kf1 Nxf4 33. gxf4 Bxg4 34. axb6 Be6 35. Rxa7 Rb8 36. Ra5 Rd8 37. Rc5 Rd7 38. Rc7 Rxc7 39. bxc7 Kf6 40. Bxd5 Bc8 41. Bxc4 Ke7 42. Bg8 h6 43. Ke2 Kf6 44. f3 b6 45. Be6 1-0

[Event "CYCC U12"]
[Site "Vancouver CAN"]
[Date "2012.07.04"]
[Round "5"]
[White "D'Amore, Tyler"]
[Black "Rapin, Calvin"]
[Result "0-1"]
[WhiteElo "822"]
[BlackElo "847"]
[PlyCount "54"]
[GameId "2160767909508744"]
[EventDate "2012.07.03"]
[EventType "swiss"]
[EventRounds "7"]
[EventCountry "CAN"]
[SourceTitle "EXT 2022"]
[Source "ChessBase"]
[SourceDate "2021.10.06"]
[SourceVersion "1"]
[SourceVersionDate "2021.10.06"]
[SourceQuality "1"]

1. e3 d5 2. Qh5 Nf6 3. Qf3 e5 4. Qg3 Nc6 5. Nh3 g6 6. Bb5 Bd6 7. Bxc6+ bxc6 8. f3 e4 9. Qf2 Ba6 10. Nc3 exf3 11. gxf3 O-O 12. b3 Bc8 13. Qg2 Bxh3 14. Qxh3 c5 15. Bb2 d4 16. Ne2 dxe3 17. dxe3 Qe7 18. O-O Qxe3+ 19. Kh1 Qxe2 20. Bxf6 h5 21. Rfe1 Qxc2 22. Be7 Bxe7 23. Rxe7 Rae8 24. Rxe8 Rxe8 25. Qg2 Re2 26. Qg1 Qc3 27. Rc1 Qxf3+ 0-1

[Event "CYCC U12"]
[Site "Vancouver CAN"]
[Date "2012.07.04"]
[Round "5"]
[White "Tjia-Gan, Nicholas"]
[Black "Goldblatt, Taylor"]
[Result "1-0"]
[WhiteElo "870"]
[BlackElo "426"]
[PlyCount "129"]
[GameId "2160767909508745"]
[EventDate "2012.07.03"]
[EventType "swiss"]
[EventRounds "7"]
[EventCountry "CAN"]
[SourceTitle "EXT 2022"]
[Source "ChessBase"]
[SourceDate "2021.10.06"]
[SourceVersion "1"]
[SourceVersionDate "2021.10.06"]
[SourceQuality "1"]

1. e4 e5 2. Nf3 Nc6 3. d4 d6 4. Bb5 a6 5. Bxc6+ bxc6 6. Qd3 Nf6 7. dxe5 dxe5 8. Nxe5 Be6 9. Bg5 Qxd3 10. cxd3 Be7 11. Nxc6 h6 12. Bxf6 Bxf6 13. Nc3 O-O 14. Rc1 Rae8 15. Na7 Bg5 16. Rc2 Rd8 17. Nd5 Ra8 18. Rxc7 Rab8 19. b3 Rfe8 20. f4 Bh4+ 21. g3 Bf6 22. Nc6 Rb5 23. Nxf6+ gxf6 24. Nd4 Rb4 25. Nf5 Kh7 26. Nd6 Rd8 27. Nxf7 Bxf7 28. Rxf7+ Kg6 29. Rc7 Rxd3 30. f5+ Kg5 31. Rg7+ Kh5 32. Rg6 Rxe4+ 33. Kf2 Rd2+ 34. Kf3 Rb4 35. g4+ Rxg4 36. Rxg4 Rxa2 37. Rg6 Ra3 38. Rxf6 Rxb3+ 39. Kf4 Rb4+ 40. Ke5 Kg5 41. Rg1+ Kh5 42. Rgg6 Rb5+ 43. Ke6 Rb6+ 44. Kf7 Rb7+ 45. Kg8 Re7 46. Rg7 Re8+ 47. Rf8 Re5 48. Kh7 Rc5 49. Rg6 Rc7+ 50. Rg7 Rxg7+ 51. Kxg7 Kg5 52. Rf6 Kh5 53. Rxh6+ Kg5 54. Rf6 Kg4 55. Kg6 Kf4 56. Rb6 Ke5 57. f6 Kd5 58. f7 Kc5 59. Rf6 Kd5 60. f8=Q Ke5 61. Qe7+ Kd5 62. Rd6+ Kc5 63. Qc7+ Kb5 64. Rb6+ Ka5 65. Qa7 1-0

[Event "CYCC U12"]
[Site "Vancouver CAN"]
[Date "2012.07.04"]
[Round "5"]
[White "Wang, Edward"]
[Black "Lachance, Tristan"]
[Result "1-0"]
[WhiteElo "1132"]
[BlackElo "1156"]
[PlyCount "59"]
[GameId "2160767909508746"]
[EventDate "2012.07.03"]
[EventType "swiss"]
[EventRounds "7"]
[EventCountry "CAN"]
[SourceTitle "EXT 2022"]
[Source "ChessBase"]
[SourceDate "2021.10.06"]
[SourceVersion "1"]
[SourceVersionDate "2021.10.06"]
[SourceQuality "1"]

1. e4 c5 2. Nf3 d6 3. d4 cxd4 4. Nxd4 Nf6 5. Nc3 a6 6. Bc4 e6 7. Be3 d5 8. exd5 exd5 9. Bb3 Bb4 10. Qd3 Bxc3+ 11. Qxc3 Ne4 12. Qb4 a5 13. Qa3 Bd7 14. Bxd5 Bc6 15. Nxc6 Qxd5 16. Nb4 Qd6 17. Qa4+ Nd7 18. Nd3 Qe7 19. O-O-O O-O 20. f3 Nec5 21. Qd4 Nxd3+ 22. Rxd3 Rad8 23. Rhd1 Rfe8 24. Bf2 Kf8 25. Qd5 Nf6 26. Qxa5 Rxd3 27. Bc5 Rxd1+ 28. Kxd1 Qd6+ 29. Bxd6+ Kg8 30. Qg5 1-0

[Event "CYCC U12"]
[Site "Vancouver CAN"]
[Date "2012.07.05"]
[Round "5"]
[White "Bellissimo, Joseph"]
[Black "Cao, Jason"]
[Result "1/2-1/2"]
[WhiteElo "2056"]
[BlackElo "2031"]
[PlyCount "78"]
[GameId "2160767909508747"]
[EventDate "2012.07.03"]
[EventType "swiss"]
[EventRounds "7"]
[EventCountry "CAN"]
[SourceTitle "EXT 2022"]
[Source "ChessBase"]
[SourceDate "2021.10.06"]
[SourceVersion "1"]
[SourceVersionDate "2021.10.06"]
[SourceQuality "1"]

1. e4 c5 2. c3 d5 3. exd5 Qxd5 4. d4 Nf6 5. Nf3 e6 6. Be2 cxd4 7. cxd4 Nc6 8. O-O Be7 9. Nc3 Qd6 10. Nb5 Qd8 11. Bf4 Nd5 12. Bg3 a6 13. Nc3 O-O 14. Rc1 Nf6 15. a3 Qa5 16. Qa4 Qb6 17. Rc2 Bd7 18. Rd2 Rac8 19. Qc2 Rfd8 20. Rdd1 Be8 21. Bf4 Qa5 22. Qb3 b5 23. d5 exd5 24. Nxd5 Nxd5 25. Rxd5 Bd7 26. Rfd1 Be6 27. Rxd8+ Rxd8 28. Rxd8+ Qxd8 29. Qc2 Nd4 30. Nxd4 Qxd4 31. Be3 Qd6 32. Bd3 h6 33. h3 Bf6 34. Be4 Bc4 35. b3 Be6 36. Bc1 Be5 37. Bd3 Qd5 38. a4 Bd6 39. Bb2 Qxb3 1/2-1/2

[Event "CYCC U12"]
[Site "Vancouver CAN"]
[Date "2012.07.05"]
[Round "5"]
[White "Chen, Harrison"]
[Black "Olechko, Nikita"]
[Result "1/2-1/2"]
[WhiteElo "988"]
[BlackElo "566"]
[PlyCount "82"]
[GameId "2160767909508748"]
[EventDate "2012.07.03"]
[EventType "swiss"]
[EventRounds "7"]
[EventCountry "CAN"]
[SourceTitle "EXT 2022"]
[Source "ChessBase"]
[SourceDate "2021.10.06"]
[SourceVersion "1"]
[SourceVersionDate "2021.10.06"]
[SourceQuality "1"]

1. e4 c6 2. d4 d5 3. e5 Bf5 4. c3 e6 5. Be3 f6 6. Nf3 Nd7 7. h3 c5 8. dxc5 Bxc5 9. Bxc5 Nxc5 10. Be2 Nd7 11. Bb5 a6 12. Bxd7+ Qxd7 13. Nbd2 Qc7 14. exf6 Nxf6 15. Nd4 Bg6 16. Nxe6 Qe7 17. Qe2 Rb8 18. Nxg7+ Kf7 19. Qxe7+ Kxe7 20. g4 Kf7 21. Nf5 Bxf5 22. gxf5 Rbe8+ 23. Kd1 Rhg8 24. Nf3 Ne4 25. Rf1 Rg2 26. Kc2 Rxf2+ 27. Rxf2 Nxf2 28. h4 Re2+ 29. Kb3 Nd3 30. Ng5+ Kg7 31. Ne6+ Kf6 32. Rb1 Rh2 33. Rd1 Ne5 34. Rxd5 Rxh4 35. Rd6 Kxf5 36. Nd4+ Ke4 37. Ne6 Kf5 38. Ng7+ Kg5 39. Ne6+ Kf5 40. Nd4+ Ke4 41. Ne6 Kf5 1/2-1/2

[Event "CYCC U12"]
[Site "Vancouver CAN"]
[Date "2012.07.05"]
[Round "5"]
[White "Ge, Alex"]
[Black "Brewster, Paula"]
[Result "1-0"]
[WhiteElo "931"]
[BlackElo "1341"]
[PlyCount "65"]
[GameId "2160767909508749"]
[EventDate "2012.07.03"]
[EventType "swiss"]
[EventRounds "7"]
[EventCountry "CAN"]
[SourceTitle "EXT 2022"]
[Source "ChessBase"]
[SourceDate "2021.10.06"]
[SourceVersion "1"]
[SourceVersionDate "2021.10.06"]
[SourceQuality "1"]

1. e4 c5 2. Nf3 e6 3. d4 cxd4 4. Nxd4 a6 5. Nc3 Qc7 6. Bd3 Nf6 7. Nce2 b5 8. O-O Bb7 9. Ng3 d6 10. Bg5 Be7 11. Re1 Nbd7 12. Nh5 Qc5 13. Nxg7+ Kd8 14. Ngxe6+ fxe6 15. Nxe6+ Kc8 16. Nxc5 dxc5 17. e5 Nd5 18. Bxe7 Nxe7 19. Be4 Bxe4 20. Rxe4 Rg8 21. e6 Nf6 22. Re3 Nfd5 23. Rg3 Kc7 24. Rxg8 Rxg8 25. Qf3 h5 26. Rd1 Kd6 27. Qf7 Kc6 28. Rxd5 Kxd5 29. Qxe7 Rg4 30. h3 Re4 31. Qd7+ Kc4 32. e7 Rxe7 33. Qxe7 1-0

[Event "CYCC U12"]
[Site "Vancouver CAN"]
[Date "2012.07.05"]
[Round "5"]
[White "Hastings, Luke"]
[Black "Liu, Ryan"]
[Result "0-1"]
[WhiteElo "896"]
[BlackElo "852"]
[PlyCount "86"]
[GameId "2160767909508750"]
[EventDate "2012.07.03"]
[EventType "swiss"]
[EventRounds "7"]
[EventCountry "CAN"]
[SourceTitle "EXT 2022"]
[Source "ChessBase"]
[SourceDate "2021.10.06"]
[SourceVersion "1"]
[SourceVersionDate "2021.10.06"]
[SourceQuality "1"]

1. e4 c6 2. d4 d5 3. exd5 cxd5 4. Nf3 Bg4 5. Be2 Nf6 6. O-O Nc6 7. Bb5 a6 8. Bxc6+ bxc6 9. Qd2 Bxf3 10. gxf3 e6 11. b3 Bd6 12. c4 Qe7 13. Bb2 O-O 14. Re1 Bb4 15. Bc3 Bxc3 16. Nxc3 Rfd8 17. Rac1 Qc7 18. Re5 h6 19. Rce1 Re8 20. Qc2 Red8 21. Rd1 c5 22. cxd5 cxd4 23. Rde1 dxc3 24. dxe6 fxe6 25. Rxe6 Rd2 26. Qg6 c2 27. Re8+ Nxe8 28. Rxe8+ Rxe8 29. Qxe8+ Kh7 30. Qe4+ g6 31. h4 c1=Q+ 32. Kg2 Rd1 33. h5 Rh1 34. Qxg6+ Kh8 35. Qf6+ Kg8 36. Qg6+ Kf8 37. Qf6+ Ke8 38. Qg6+ Kd8 39. Qf6+ Kc8 40. Qf8+ Kb7 41. Qb4+ Qb6 42. Qxb6+ Kxb6 43. Kg3 Qg5# 0-1

[Event "CYCC U12"]
[Site "Vancouver CAN"]
[Date "2012.07.05"]
[Round "5"]
[White "Jayaweera, Lahiru"]
[Black "Dawson, Jeffrey"]
[Result "1-0"]
[WhiteElo "1125"]
[BlackElo "1224"]
[PlyCount "51"]
[GameId "2160767909508751"]
[EventDate "2012.07.03"]
[EventType "swiss"]
[EventRounds "7"]
[EventCountry "CAN"]
[SourceTitle "EXT 2022"]
[Source "ChessBase"]
[SourceDate "2021.10.06"]
[SourceVersion "1"]
[SourceVersionDate "2021.10.06"]
[SourceQuality "1"]

1. d4 d5 2. c4 e6 3. Nc3 Nf6 4. cxd5 exd5 5. Bg5 Be7 6. e3 O-O 7. Nf3 c6 8. Bd3 h6 9. Bh4 Qa5 10. O-O Nbd7 11. Ne5 Bb4 12. Nxd7 Nxd7 13. Bf5 Bxc3 14. bxc3 Qxc3 15. Qg4 g5 16. Bxg5 Ne5 17. dxe5 Bxf5 18. Qxf5 hxg5 19. Qxg5+ Kh7 20. Qf5+ Kg8 21. Rab1 Rab8 22. Rfd1 Rfe8 23. Rd4 Qa5 24. Qg5+ Kf8 25. Qh6+ Ke7 26. Qd6# 1-0

[Event "CYCC U12"]
[Site "Vancouver CAN"]
[Date "2012.07.05"]
[Round "5"]
[White "Ju, Terrence"]
[Black "Xu, Jeffrey"]
[Result "0-1"]
[WhiteElo "1268"]
[BlackElo "1832"]
[PlyCount "126"]
[GameId "2160767909508752"]
[EventDate "2012.07.03"]
[EventType "swiss"]
[EventRounds "7"]
[EventCountry "CAN"]
[SourceTitle "EXT 2022"]
[Source "ChessBase"]
[SourceDate "2021.10.06"]
[SourceVersion "1"]
[SourceVersionDate "2021.10.06"]
[SourceQuality "1"]

1. d4 e6 2. c4 Nf6 3. Nc3 Bb4 4. Bg5 h6 5. Bxf6 Qxf6 6. a3 Bxc3+ 7. bxc3 b6 8. Nf3 Bb7 9. e3 d6 10. Be2 Nd7 11. O-O O-O 12. Rb1 Rae8 13. Qa4 Be4 14. Qxd7 Bxb1 15. Rxb1 Qe7 16. Qa4 c5 17. Qc6 Rd8 18. Rd1 cxd4 19. cxd4 Rd7 20. g3 Qd8 21. Qe4 Rc7 22. Bd3 g6 23. Qh4 Qxh4 24. Nxh4 d5 25. Rc1 Rfc8 26. Nf3 dxc4 27. Be2 f6 28. Nd2 b5 29. a4 c3 30. Ne4 b4 31. Nxf6+ Kf7 32. Ne4 Ke7 33. Nc5 a5 34. Bg4 Rc6 35. Nb3 Ra8 36. Bf3 Raa6 37. Bxc6 Rxc6 38. Nxa5 Ra6 39. Nc4 Rxa4 40. Nb6 Ra3 41. Nc4 Ra6 42. e4 Rc6 43. Ne3 b3 44. Nc2 Ra6 45. Kf1 Ra2 46. Nb4 Ra4 47. Nc2 bxc2 48. Rxc2 Rxd4 49. Rxc3 Rxe4 50. Rc7+ Kf6 51. Kg2 g5 52. Rc8 Re5 53. Rf8+ Kg7 54. Rf3 Kg6 55. Re3 Rxe3 56. fxe3 Kf5 57. h3 h5 58. h4 g4 59. Kf2 Ke4 60. Ke2 e5 61. Kd2 Kf3 62. Kd3 Kxg3 63. Ke4 Kf2 0-1

[Event "CYCC U12"]
[Site "Vancouver CAN"]
[Date "2012.07.05"]
[Round "5"]
[White "Knox, Nathaniel"]
[Black "Song, Ziyuan"]
[Result "1-0"]
[WhiteElo "1177"]
[BlackElo "2042"]
[PlyCount "177"]
[GameId "2160767909508753"]
[EventDate "2012.07.03"]
[EventType "swiss"]
[EventRounds "7"]
[EventCountry "CAN"]
[SourceTitle "EXT 2022"]
[Source "ChessBase"]
[SourceDate "2021.10.06"]
[SourceVersion "1"]
[SourceVersionDate "2021.10.06"]
[SourceQuality "1"]

1. d4 d5 2. c4 e6 3. Nc3 Nf6 4. Bg5 Nbd7 5. e3 Be7 6. cxd5 exd5 7. Nf3 c6 8. Bd3 h6 9. Bf4 Nh5 10. Bg3 Nxg3 11. hxg3 Nf6 12. Qc2 Be6 13. Ng5 Bd7 14. Bg6 Rf8 15. Nf3 Bd6 16. Bf5 Qe7 17. O-O g5 18. Bd3 O-O-O 19. Nb5 Kb8 20. Nxd6 Qxd6 21. Ne5 Bc8 22. Rfb1 h5 23. b4 Nd7 24. b5 cxb5 25. Rxb5 Nxe5 26. dxe5 Qxe5 27. Rab1 Qc7 28. Rc5 Qe7 29. Rc1 Qe6 30. Qb3 d4 31. Bc4 Qe7 32. exd4 Rxd4 33. Bd5 Qd7 34. Qc3 Ra4 35. Bc6 bxc6 36. Qb3+ Bb7 37. Qxa4 f6 38. Qd1 Qf7 39. Qd6+ Ka8 40. Re1 Rc8 41. Re6 f5 42. Qe7 Qg8 43. Rxf5 h4 44. Rxg5 Qh8 45. Rg7 Rb8 46. Rxc6 hxg3 47. fxg3 Qh5 48. Rh7 Qd1+ 49. Kh2 Qd5 50. Rc2 Rg8 51. Qf7 Qxf7 52. Rxf7 Bd5 53. Re7 a6 54. Rcc7 Kb8 55. a3 Rf8 56. Rcd7 Bc6 57. Rd6 Ba8 58. Rxa6 Bd5 59. Rh6 Kc8 60. a4 Kd8 61. Rg7 Kc8 62. a5 Kb8 63. a6 Ka8 64. a7 Bb7 65. Rxb7 Kxb7 66. Rh7+ Ka8 67. g4 Rg8 68. Kh3 Rf8 69. g5 Rg8 70. Kh4 Rd8 71. Kh5 Rd1 72. g6 Rg1 73. g7 Rxg2 74. Rh8+ Kxa7 75. g8=Q Rxg8 76. Rxg8 Kb6 77. Rc8 Kb7 78. Rc1 Kb6 79. Kg5 Kb5 80. Kf4 Kb4 81. Ke3 Kb3 82. Kd4 Kb2 83. Rc8 Kb3 84. Rc7 Kb2 85. Kd3 Kb1 86. Rc3 Ka1 87. Kc4 Kb1 88. Kb3 Ka1 89. Rc1# 1-0

[Event "CYCC U12"]
[Site "Vancouver CAN"]
[Date "2012.07.05"]
[Round "5"]
[White "Kolobaric, Nikola"]
[Black "Katz, Matthew"]
[Result "1/2-1/2"]
[WhiteElo "990"]
[BlackElo "660"]
[PlyCount "98"]
[GameId "2160767909508754"]
[EventDate "2012.07.03"]
[EventType "swiss"]
[EventRounds "7"]
[EventCountry "CAN"]
[SourceTitle "EXT 2022"]
[Source "ChessBase"]
[SourceDate "2021.10.06"]
[SourceVersion "1"]
[SourceVersionDate "2021.10.06"]
[SourceQuality "1"]

1. d4 Nc6 2. e4 Nf6 3. Nc3 d6 4. Bb5 Bd7 5. d5 Na5 6. Nf3 Nxe4 7. Bxd7+ Qxd7 8. Nxe4 e6 9. O-O exd5 10. Qxd5 Nc6 11. Bg5 Be7 12. Rfe1 O-O 13. Bxe7 Qxe7 14. Qh5 h6 15. Neg5 Qf6 16. c3 Ne5 17. Re3 hxg5 18. Nxg5 Qh6 19. Qxh6 gxh6 20. Ne4 Nc4 21. Rg3+ Kh8 22. b3 Na3 23. Rh3 Kg7 24. Rg3+ Kh7 25. Nf6+ Kh8 26. Re1 d5 27. Re7 d4 28. cxd4 Nc2 29. d5 Nd4 30. Rxc7 Rac8 31. Rxc8 Rxc8 32. h3 Nf5 33. Rf3 Nd4 34. Rd3 Ne2+ 35. Kh2 Nf4 36. Rd2 Kg7 37. Ne4 Re8 38. f3 f5 39. Nd6 Rd8 40. g3 Rxd6 41. gxf4 h5 42. Kg3 Kg6 43. Kh4 b5 44. a4 bxa4 45. bxa4 a5 46. Rd4 Kh6 47. Rd3 Kg6 48. Rd4 Kh6 49. Rd3 Kg6 1/2-1/2

[Event "CYCC U12"]
[Site "Vancouver CAN"]
[Date "2012.07.05"]
[Round "5"]
[White "Lee, Stefano"]
[Black "Shi, Jasper"]
[Result "0-1"]
[WhiteElo "986"]
[BlackElo "1088"]
[PlyCount "110"]
[GameId "2160767909508755"]
[EventDate "2012.07.03"]
[EventType "swiss"]
[EventRounds "7"]
[EventCountry "CAN"]
[SourceTitle "EXT 2022"]
[Source "ChessBase"]
[SourceDate "2021.10.06"]
[SourceVersion "1"]
[SourceVersionDate "2021.10.06"]
[SourceQuality "1"]

1. e4 c6 2. d4 d5 3. exd5 cxd5 4. c4 e6 5. Nc3 Nf6 6. Nf3 Nc6 7. Bf4 Bd6 8. Bg3 Bxg3 9. hxg3 b6 10. cxd5 Nxd5 11. Nxd5 Qxd5 12. Be2 Bb7 13. Qd3 Nb4 14. Qd2 Nxa2 15. Bd3 h6 16. Qe2 Nb4 17. Bc4 Qe4 18. Qxe4 Bxe4 19. Ra4 Nd3+ 20. Ke2 Nxb2 21. Bb5+ Ke7 22. Rb4 a6 23. Bc6 Bxc6 24. Rxb2 b5 25. Ne5 Bxg2 26. Rh2 Bb7 27. Rc2 Rhc8 28. Rd2 Rc7 29. Ke3 Rac8 30. f4 Rc3+ 31. Nd3 f5 32. Kf2 Rc2 33. Kf1 Rxd2 34. Rxd2 Bd5 35. Rh2 Bc4 36. Rh5 Bxd3+ 37. Ke1 a5 38. Kd2 Be4 39. Ke3 a4 40. g4 Bb1 41. Rh1 Be4 42. Rh5 a3 43. Rh2 b4 44. Ra2 Kf6 45. gxf5 exf5 46. Kd2 Ra8 47. Ke1 b3 48. Rd2 b2 49. Ke2 b1=Q 50. d5 Qb5+ 51. Kd1 Bxd5 52. Ke1 Re8+ 53. Kf2 a2 54. Rd1 Qe2+ 55. Kg1 Qg2# 0-1

[Event "CYCC U12"]
[Site "Vancouver CAN"]
[Date "2012.07.05"]
[Round "5"]
[White "Li, Kevin1"]
[Black "Yoshino, Alexander"]
[Result "1/2-1/2"]
[WhiteElo "725"]
[BlackElo "770"]
[PlyCount "58"]
[GameId "2160767909508756"]
[EventDate "2012.07.03"]
[EventType "swiss"]
[EventRounds "7"]
[EventCountry "CAN"]
[SourceTitle "EXT 2022"]
[Source "ChessBase"]
[SourceDate "2021.10.06"]
[SourceVersion "1"]
[SourceVersionDate "2021.10.06"]
[SourceQuality "1"]

1. e4 d6 2. d4 Nf6 3. e5 Nd5 4. Nf3 g6 5. Bc4 c6 6. Nc3 Bg7 7. Nxd5 cxd5 8. Bxd5 O-O 9. O-O Bg4 10. Re1 e6 11. Bb3 Nc6 12. Re4 d5 13. Rxg4 f5 14. Bg5 Qb6 15. Qd2 fxg4 16. Nh4 Na5 17. Ba4 Qxb2 18. Rf1 h6 19. Qxa5 hxg5 20. Nxg6 Rab8 21. Ne7+ Kh7 22. Qd2 Kh6 23. Bd7 Rbd8 24. Bxe6 Rfe8 25. Nf5+ Kg6 26. Nxg7 Re7 27. Rc1 Qxc1+ 28. Qxc1 Kxg7 29. Bxd5 Rxd5 1/2-1/2

[Event "CYCC U12"]
[Site "Vancouver CAN"]
[Date "2012.07.05"]
[Round "5"]
[White "Liu, Danny"]
[Black "Lee, Nicholas"]
[Result "0-1"]
[WhiteElo "1005"]
[BlackElo "1750"]
[PlyCount "110"]
[GameId "2160767909508757"]
[EventDate "2012.07.03"]
[EventType "swiss"]
[EventRounds "7"]
[EventCountry "CAN"]
[SourceTitle "EXT 2022"]
[Source "ChessBase"]
[SourceDate "2021.10.06"]
[SourceVersion "1"]
[SourceVersionDate "2021.10.06"]
[SourceQuality "1"]

1. e4 c5 2. Nf3 d6 3. d4 cxd4 4. Nxd4 Nf6 5. Nc3 e6 6. Be3 Be7 7. Bc4 b6 8. Nf3 Nbd7 9. O-O Bb7 10. Qd4 O-O 11. Be2 a6 12. e5 dxe5 13. Nxe5 Bc5 14. Qf4 Qc7 15. Nxd7 Qxf4 16. Bxf4 Nxd7 17. Rad1 Nf6 18. Be5 Rfd8 19. Bxf6 gxf6 20. Bd3 Rac8 21. a3 Kg7 22. Ne4 Be7 23. Rd2 Bxe4 24. Rfd1 Bxd3 25. cxd3 Bc5 26. g3 Bd4 27. b3 Rc3 28. Rb2 b5 29. a4 b4 30. Kf1 Kg6 31. Ke2 Rd5 32. f3 Re5+ 33. Kf1 Re3 34. Kg2 f5 35. h3 Rcxd3 36. Rbd2 Re2+ 37. Rxe2 Rxd1 38. g4 h5 39. gxh5+ Kxh5 40. Rc2 Bc3 41. Kf2 Rd2+ 42. Rxd2 Bxd2 43. Kg2 f4 44. Kh2 e5 45. Kg2 f5 46. Kf2 e4 47. Kg2 Kh4 48. Kf2 Kxh3 49. Kf1 Kg3 50. Ke2 e3 51. Kf1 Kxf3 52. a5 e2+ 53. Kg1 e1=Q+ 54. Kh2 Qg3+ 55. Kh1 Qg2# 0-1

[Event "CYCC U12"]
[Site "Vancouver CAN"]
[Date "2012.07.05"]
[Round "5"]
[White "Taylor, Tristan"]
[Black "Han, Lionel"]
[Result "1/2-1/2"]
[WhiteElo "1219"]
[BlackElo "1521"]
[PlyCount "59"]
[GameId "2160767909508758"]
[EventDate "2012.07.03"]
[EventType "swiss"]
[EventRounds "7"]
[EventCountry "CAN"]
[SourceTitle "EXT 2022"]
[Source "ChessBase"]
[SourceDate "2021.10.06"]
[SourceVersion "1"]
[SourceVersionDate "2021.10.06"]
[SourceQuality "1"]

1. d4 d5 2. c4 e6 3. Nc3 Nf6 4. Bg5 Be7 5. e3 Nbd7 6. Rc1 c6 7. Bd3 dxc4 8. Bxc4 Nd5 9. Bxe7 Qxe7 10. Nge2 O-O 11. O-O N7f6 12. a3 a5 13. Bxd5 exd5 14. Na4 Ne4 15. Nb6 Ra6 16. Nxc8 Rxc8 17. Nc3 Nd6 18. Re1 Nc4 19. Qg4 Re8 20. Qe2 f5 21. Rc2 a4 22. Qf3 Rf8 23. Nxd5 Qf7 24. Nb4 Raa8 25. d5 Ne5 26. Qd1 Rad8 27. f4 Ng4 28. h3 Nf6 29. Rd2 Ne4 30. Rd3 1/2-1/2

[Event "CYCC U12"]
[Site "Vancouver CAN"]
[Date "2012.07.05"]
[Round "5"]
[White "Tolentino, Andre Angelo"]
[Black "Yu, Robin"]
[Result "0-1"]
[WhiteElo "889"]
[BlackElo "1293"]
[PlyCount "130"]
[GameId "2160767909508759"]
[EventDate "2012.07.03"]
[EventType "swiss"]
[EventRounds "7"]
[EventCountry "CAN"]
[SourceTitle "EXT 2022"]
[Source "ChessBase"]
[SourceDate "2021.10.06"]
[SourceVersion "1"]
[SourceVersionDate "2021.10.06"]
[SourceQuality "1"]

1. e4 e5 2. d4 exd4 3. c3 Nf6 4. e5 Nd5 5. cxd4 d6 6. Nf3 Be7 7. Qb3 Nb6 8. Be3 Be6 9. Qd1 O-O 10. Nc3 dxe5 11. dxe5 Qxd1+ 12. Rxd1 Nc6 13. Bd3 Nb4 14. Bb1 Nc4 15. Bc1 Nc6 16. Nd5 Bd8 17. Be4 N6xe5 18. Nxe5 Nxe5 19. Bf4 f6 20. Bg3 c6 21. Nc3 Be7 22. b3 Bb4 23. Bxe5 fxe5 24. Rc1 Rad8 25. O-O Rd2 26. Bxh7+ Kxh7 27. Ne4 Bd5 28. Nxd2 Bxd2 29. Rc2 Bb4 30. Re2 Bc3 31. Re3 Bd4 32. Rh3+ Kg6 33. Rg3+ Kf6 34. Kh1 a5 35. f3 a4 36. bxa4 Bxa2 37. a5 c5 38. f4 e4 39. Ra3 Bc4 40. Rc1 Ba6 41. Rg3 Bf2 42. Rg5 c4 43. Rd1 Re8 44. Rd6+ Re6 45. Rdd5 e3 46. Rdf5+ Ke7 47. Rxg7+ Kd6 48. Re5 Rxe5 49. fxe5+ Ke6 50. Rg6+ Kxe5 51. Rg5+ Kf6 52. Rg8 e2 53. Re8 e1=Q+ 54. Rxe1 Bxe1 55. g4 c3 56. h4 Bxh4 57. g5+ Kxg5 58. Kg2 c2 59. Kh3 c1=Q 60. Kg2 Qf1+ 61. Kh2 Qf2+ 62. Kh1 Qf3+ 63. Kg1 Bf2+ 64. Kh2 Qg3+ 65. Kh1 Qg1# 0-1